Statystyki dla Wszyscy szwedzcy skoczkowie narciarscy w historii

Kliknij tutaj aby rozwiązać quiz!

Ogólne statystyki

  • Ten quiz został rozwiązany 8 razy
  • Średni wynik to 17 z 70

Statystyki odpowiedzi

Odpowiedź% Poprawnych
Isak Grimholm
75%
Jakob Grimholm
75%
Carl Nordin
63%
Fredrik Balkasen
63%
Gosta Nordin
63%
Johan Erikson
63%
Per Balkasen
63%
Andreas Aren
50%
Bengt Eriksson
50%
Jan Boklov
50%
Johan Munters
50%
Kristoffer Jafs
50%
Tobias Froier
50%
Christian Inngjerdingen
38%
Emil Westberg
38%
Johan Rasmussen
38%
Josef Larsson
38%
Magnus Westman
38%
Rickard Froier
38%
Simon Eklund
38%
Alexander Mitz
25%
Arne Nilsson
25%
Axel-Herman Nilsson
25%
Bertil Carlsson
25%
Christer Karlsson
25%
Fredrik Johansson
25%
Holger Karlsson
25%
Jonas-Sloth Sandell
25%
Mattias Bylund
25%
Mikael Martinsson
25%
Nils Sundh
25%
Olof Lundgren
25%
Per-Inge Tallberg
25%
Staffan Tallberg
25%
Sven-Olof Lundgren
25%
Ake Norman
13%
Anders Daun
13%
Axel Ostrand
13%
Besnik Gashi
13%
Bror Ostman
13%
Dan Netzell
13%
Erik Lindstrom
13%
Erik Styf
13%
Gustaf Adolf Sellin
13%
Holger Schon
13%
Jens Brannlund
13%
Jonathan Swedberg
13%
Kjell Sjoberg
13%
Kurt Elima
13%
Magnus Astrom
13%
Rickard Nystrom
13%
Seppo Toivonen
13%
Sven Pettersson
13%
Tomas Jernkrook
13%
Tore Edman
13%
Viktor Dahlen
13%
Harald Hedjerson
0%
Harry Bergqvist
0%
Jan Holmlund
0%
Karl Holmstrom
0%
Lars-Ake Bergseije
0%
Markus Flemstrom
0%
Menotti Jakobsson
0%
Nils Lindh
0%
Odd Brandsegg
0%
Sebastian de Wall
0%
Seppo Reijonen
0%
Sven Selanger
0%
Thure Lindgren
0%
Toivo Lauren
0%

Rozkład punktacji

Percentyl według liczby udzielonych odpowiedzi

Procent ludzi z każdym wynikiem

Twoja historia wyników

Nie rozwiązałeś tego quizu